La questione della indipendenza ed unitá d'Italia dinanzi al clero / (Registro nro. 54198)
[ vista simple ]
| 000 -LEADER | |
|---|---|
| campo de control de longitud fija | 00680nam a2200205 i 4500 |
| 001 - NÚMERO DE CONTROL | |
| campo de control | 54198 |
| 003 - IDENTIFICADOR DE NÚMERO DE CONTROL | |
| campo de control | ES-MaACL |
| 005 - FECHA Y HORA DE LA ÚLTIMA TRANSACCIÓN | |
| campo de control | 20230906162920.0 |
| 007 - CAMPO FIJO DE DESCRIPCIÓN FÍSICA--INFORMACIÓN GENERAL | |
| campo de control de longitud fija | t| |
| 008 - DATOS DE LONGITUD FIJA--INFORMACIÓN GENERAL | |
| campo de control de longitud fija | 960715s1861 it ||||1| ita d |
| 080 ## - NÚMERO DE LA CLASIFICACIÓN DECIMAL UNIVERSAL | |
| Número de la Clasificación Decimal Universal | 94(450)"1849/70" |
| 080 ## - NÚMERO DE LA CLASIFICACIÓN DECIMAL UNIVERSAL | |
| Número de la Clasificación Decimal Universal | 32(450)"1849/70" |
| 100 1# - ENTRADA PRINCIPAL--NOMBRE DE PERSONA | |
| Nombre de persona | Passaglia, Carlo ( |
| Fechas asociadas al nombre | 1812-1887) |
| 9 (RLIN) | 130881 |
| 245 13 - MENCIÓN DEL TÍTULO | |
| Título | La questione della indipendenza ed unitá d'Italia dinanzi al clero / |
| Mención de responsabilidad, etc. | par Ernest Filaléte (P. Passaglia). |
| 260 ## - PUBLICACIÓN, DISTRIBUCIÓN, ETC. | |
| Lugar de publicación, distribución, etc. | Firenze : |
| Nombre del editor, distribuidor, etc. | Felice le Monnier, |
| Fecha de publicación, distribución, etc. | 1861. |
| 300 ## - DESCRIPCIÓN FÍSICA | |
| Extensión | 67 p. ; |
| Dimensiones | 18 cm. |
| 651 #4 - PUNTO DE ACCESO ADICIONAL DE MATERIA--NOMBRE GEOGRÁFICO | |
| Nombre geográfico | Italia- |
| Subdivisión general | Historia- |
| Subdivisión cronológica | 1849-1870. |
| 9 (RLIN) | 8869 |
| 651 #4 - PUNTO DE ACCESO ADICIONAL DE MATERIA--NOMBRE GEOGRÁFICO | |
| Nombre geográfico | Italia- |
| Subdivisión general | Política y gobierno- |
| Subdivisión cronológica | 1849-1870. |
| 9 (RLIN) | 171686 |
| 852 4# - LOCALIZACIÓN | |
| Ubicación | ES-MaACL |
| Número de control de estantería | T-90-F-11 |
| Estatus retirado | Estado de pérdida | Estado de daño | No para préstamo | Colección | Biblioteca de origen | Biblioteca actual | Ubicación en estantería | Fecha de adquisición | Fuente de adquisición | Total de préstamos | Signatura topográfica completa | Código de barras | Visto por última vez | Precio de reemplazo | Tipo de ítem Koha |
|---|---|---|---|---|---|---|---|---|---|---|---|---|---|---|---|
| Colección de folletos | Biblioteca del Ateneo de Madrid | Biblioteca del Ateneo de Madrid | Depósito folletos | 17/01/2008 | T-90-F-11 | 1056957 | 23/02/2023 | 23/02/2023 | Folleto |
